| 000 | 00786nam a22002177a 4500 | ||
|---|---|---|---|
| 999 |
_c18753 _d18753 |
||
| 003 | AR-CdUCM | ||
| 008 | 190515b ||||| |||| 00| 0 spa d | ||
| 040 |
_aMUNICIPALIDAD PROVINCIAL DEL CUSCO _cBIBLIOTECA MUNICIPAL DEL CUSCO |
||
| 082 |
_a349.1 / _bO74 |
||
| 100 |
_aOrtolán, M. _939532 |
||
| 245 | _aInstituciones de Justiniano / | ||
| 260 |
_aBuenos Aires : _bBibliográfica omega, _c1960. |
||
| 300 |
_a369 páginas ; _c23 cm. |
||
| 505 | _aContenido: De la justicia y del derecho -- De la división de las cosas -- De las herencia deferidas abintestato ... | ||
| 650 |
_aDerecho romano _94293 |
||
| 650 |
_aLegislación _92962 |
||
| 700 |
_aPérez de Anaya, Francisco _939533 |
||
| 700 |
_aPérez Rivas, Melquiades _939534 |
||
| 942 |
_2ddc _cLIBROS |
||
| 945 |
_aacv _d2019-05-15 |
||